Write a Sue Grafton Novel Quiz Stats

 Plays Quiz not verified by Sporcle

Score 0/25 Timer 06:00
0 Plays Today
% Correct
Alibi
94.8%
Evidence
92.5%
Homicide
92.5%
Innocent
90.8%
Noose
79.9%
Killer
78.7%
Corpse
78.2%
Burglar
74.1%
Silence
73%
Fugitive
71.3%
Outlaw
71.3%
Peril
69%
Deadbeat
68.4%
% Correct
Malice
67.2%
Gumshoe
66.7%
Quarry
65.5%
Yesterday
65%
Judgment
58.6%
Lawless
57.5%
Ricochet
57.5%
Trespass
56.9%
Vengeance
54.6%
X
50%
Undertow
43.7%
Wasted
35.7%

You're not logged in!

Compare scores with friends on all Sporcle quizzes.
OR
Log In

Show Comments

Extras

Top Quizzes Today


Score Distribution

Your Account Isn't Verified!

In order to create a playlist on Sporcle, you need to verify the email address you used during registration. Go to your Sporcle Settings to finish the process.

Report this User

Report this user for behavior that violates our Community Guidelines.

Details: